000 01177nam a2200277 a 4500
001 000048304
003 DO-SdBNP
005 20250704103024.0
007 ta
008 181217s2016 dr d r 000 0 spa d
020 _a9789945468595
040 _aDO-SdBNP
_bspa
_cBNPHU
082 4 _a378.0021
_bR426i, 2016
_222
110 1 _aRepública Dominicana.
_bMinisterio de Educación Superior, Ciencia y Tecnología
_972559
245 1 0 _aInforme general sobre estadísticas de educación superior 2013 y 2014 y resumen histórico 2005-2014 /
_cpresentación, Ligia Amada Melo de Cardona.
260 _aSanto Domingo :
_bMESCyT,
_c2016.
300 _axviii, 329 p. :
_bdiagr.. ;
_c28 cm.
590 _aInventariado, 2019/BT
650 0 _aEducación superior
_zRepública Dominicana
_vEstadísticas
_y2005-2014
_9736
650 4 _aEducación y estado
_zRepública Dominicana
_y2005-2014
_951256
650 4 _aEducación superior
_zRepública Dominicana
_y2005-2014
_975719
650 4 _aEducación superior
_zRepública Dominicana
_xHistoria
_y2005-2014
_975720
700 1 _aMelo Cardona, Ligia Amada de,
_epres.
_972971
910 _aValidado. Control de calidad MFF
942 _2ddc
_cLBS1
999 _c47792
_d47792